Les communes de France Quiz #4 - Statistiques

Statistiques générales
  • Ce quiz a été pris 77 fois
  • Le résultat moyen est 13 sur 15
Statistiques - réponses
Nom de de la commune Nom du département où elle se situe % Correct
Lille Nord
100%
Marseille Bouches-du-Rhône
97%
Bastia Haute-Corse
97%
Nice Alpes-Maritimes
96%
Toulouse Haute-Garonne
93%
Calais Pas-de-Calais
93%
Aubervilliers Seine-Saint-Denis
90%
Fréjus Var
89%
Les Sables-d’Olonne Vendée
86%
Béziers Hérault
85%
Pessac Gironde
82%
Castres Tarn
79%
Créteil Val-de-Marne
79%
Brive-la-Gaillarde Corrèze
76%
Gennevilliers Hauts-de-Seine
73%
Aucun quiz correspondant
Distribution des résultats
% des personnes avec chaque résultat
Percentile par nombre de réponses
Votre historique - résultats
Vous n’avez pas pris ce quiz